[Event "Campeonato de España Abierto 2006"]
[Site "Leon ESP"]
[Date "2006.11.22"]
[Round "1.1"]
[White "Suriol Peinado, Alberto"]
[Black "Moreno Ruiz, Javier"]
[Result "0-1"]
[WhiteElo "1900"]
[BlackElo "2456"]
[PlyCount "48"]
[EventDate "2006.11.22"]
[EventType "swiss"]
[EventRounds "9"]
[EventCountry "ESP"]
[Source "lmi"]
[SourceDate "2006.11.22"]

1. d4 e6 2. c4 f5 3. Nc3 Nf6 4. Bg5 h6 5. Bxf6 Qxf6 6. e3 Be7 7. Bd3 d6 8. Nge2
c6 9. Ng3 e5 10. dxe5 dxe5 11. Rc1 Na6 12. a3 Be6 13. O-O Rd8 14. Qc2 g6 15. b4
h5 16. Rfd1 h4 17. Nf1 Qf7 18. Na4 O-O 19. Nd2 Bxb4 20. Bxf5 Bxf5 21. e4 Bxd2
22. Rxd2 Bxe4 23. Qb2 Rxd2 24. Qxd2 Qf4 0-1

[Event "Campeonato de España Abierto 2006"]
[Site "Leon ESP"]
[Date "2006.11.22"]
[Round "1.2"]
[White "De La Villa Garcia, Jesus Maria"]
[Black "Braña Lopez, Eduardo"]
[Result "1-0"]
[WhiteElo "2469"]
[BlackElo "2079"]
[PlyCount "67"]
[EventDate "2006.11.22"]
[EventType "swiss"]
[EventRounds "9"]
[EventCountry "ESP"]
[Source "lmi"]
[SourceDate "2006.11.22"]

1. e4 e5 2. Bc4 Nc6 3. Nc3 Nf6 4. d3 Na5 5. Nge2 Nxc4 6. dxc4 d6 7. a4 Be7 8.
a5 Qd7 9. O-O O-O 10. Qd3 Qg4 11. h3 Qg6 12. f4 h6 13. f5 Qh7 14. g4 c6 15. Be3
Rd8 16. Rad1 Kh8 17. Kg2 Bd7 18. Ng1 g5 19. Nf3 Qg8 20. Rh1 Nh7 21. Qe2 f6 22.
h4 Kg7 23. Rh3 Qf7 24. Rdh1 Rh8 25. b3 Bd8 26. hxg5 hxg5 27. a6 bxa6 28. Rh6
Bb6 29. Qd3 Bc7 30. Bc1 Rag8 31. Ba3 Qe7 32. c5 dxc5 33. Bxc5 Qd8 34. Rg6+ 1-0

[Event "Campeonato de España Abierto 2006"]
[Site "Leon ESP"]
[Date "2006.11.22"]
[Round "1.3"]
[White "De La Barrera Montenegro, Eduar"]
[Black "Fernandez Romero, Ernesto"]
[Result "0-1"]
[WhiteElo "2090"]
[BlackElo "2442"]
[PlyCount "74"]
[EventDate "2006.11.22"]
[EventType "swiss"]
[EventRounds "9"]
[EventCountry "ESP"]
[Source "lmi"]
[SourceDate "2006.11.22"]

1. e4 e6 2. d4 d5 3. Nd2 Ne7 4. Ngf3 Ng6 5. c3 Nd7 6. e5 Be7 7. Bd3 Nf4 8. Bf1
g5 9. g3 Ng6 10. h3 c5 11. Bd3 b6 12. Nf1 a5 13. Qe2 Nb8 14. Be3 Ba6 15. Bxa6
Nxa6 16. Qb5+ Kf8 17. h4 cxd4 18. Nxd4 h6 19. Nc6 Qd7 20. Qxb6 gxh4 21. Nxe7
Qxe7 22. f4 Kg7 23. Qd4 Rac8 24. g4 Rc4 25. Qd2 Nc5 26. Rg1 Nxf4 27. O-O-O
Ncd3+ 28. Kc2 Rhc8 29. Bxf4 Nxf4 30. Ne3 Re4 31. Rdf1 Ng6 32. Rf6 Rxe5 33. Rgf1
Qxf6 34. Rxf6 Kxf6 35. Qf2+ Kg7 36. Kb1 Re4 37. Qd2 h3 0-1

[Event "Campeonato de España Abierto 2006"]
[Site "Leon ESP"]
[Date "2006.11.22"]
[Round "1.9"]
[White "Moran Llera, Jose Angel"]
[Black "Franco Alonso, Alejandro"]
[Result "0-1"]
[WhiteElo "1859"]
[BlackElo "2404"]
[PlyCount "84"]
[EventDate "2006.11.22"]
[EventType "swiss"]
[EventRounds "9"]
[EventCountry "ESP"]
[Source "lmi"]
[SourceDate "2006.11.22"]

1. d4 c5 2. e3 Nf6 3. Nf3 b6 4. Bd3 Bb7 5. O-O g6 6. Nbd2 Bg7 7. c3 O-O 8. Qe2
Nc6 9. Ne5 Nxe5 10. dxe5 Ne8 11. f4 d6 12. exd6 exd6 13. e4 Nf6 14. f5 Re8 15.
fxg6 hxg6 16. Qf2 Qe7 17. Bc4 Bc6 18. Qh4 b5 19. Bb3 c4 20. Bc2 Nxe4 21. Qxe7
Rxe7 22. Nf3 Bb7 23. Bf4 b4 24. cxb4 Bxb2 25. Rab1 Bg7 26. Rfe1 Rae8 27. Bxe4
Bxe4 28. Rbd1 d5 29. Ng5 Bd3 30. Rxe7 Rxe7 31. Bd6 Re2 32. Rf1 Rxa2 33. Re1
Bd4+ 34. Kh1 Ra1 35. Nf3 Rxe1+ 36. Nxe1 Be4 37. Nf3 Bb2 38. Ng1 c3 39. Ne2 Bd3
40. Nd4 c2 41. Nxc2 Bxc2 42. Bc5 a6 0-1

[Event "Campeonato de España Abierto 2006"]
[Site "Leon ESP"]
[Date "2006.11.22"]
[Round "1.11"]
[White "Diaz Sanchez, Jose Fco"]
[Black "Almagro Llamas, Pablo"]
[Result "0-1"]
[WhiteElo "1976"]
[BlackElo "2377"]
[PlyCount "66"]
[EventDate "2006.11.22"]
[EventType "swiss"]
[EventRounds "9"]
[EventCountry "ESP"]
[Source "lmi"]
[SourceDate "2006.11.22"]

1. e4 c6 2. d4 d5 3. Nc3 dxe4 4. Nxe4 Bf5 5. Ng3 Bg6 6. Nf3 Nf6 7. h4 h6 8. Bd3
Bxd3 9. Qxd3 Nbd7 10. Bd2 e6 11. O-O-O Qc7 12. Ne4 Nxe4 13. Qxe4 Nf6 14. Qe2
O-O-O 15. Rhe1 c5 16. Qc4 Nd5 17. dxc5 Bxc5 18. Ne5 Nb6 19. Qe2 Rd5 20. Nd3 Bd4
21. Be3 Bf6 22. g3 Ra5 23. Bxb6 Qxb6 24. Kb1 Bc3 25. Rf1 Rb5 26. b3 Qa5 27. Qe4
Kb8 28. Qf4+ e5 29. Qc1 Rc8 30. f3 Qa6 31. a3 Bd4 32. Ka2 Rxb3 33. Kxb3 Qc4#
0-1

[Event "Campeonato de España Abierto 2006"]
[Site "Leon ESP"]
[Date "2006.11.22"]
[Round "1.12"]
[White "Argandoña Riveiro, Iñigo"]
[Black "Fernandez Calzada, Juan Antonio"]
[Result "1-0"]
[WhiteElo "2377"]
[BlackElo "1951"]
[PlyCount "45"]
[EventDate "2006.11.22"]
[EventType "swiss"]
[EventRounds "9"]
[EventCountry "ESP"]
[Source "lmi"]
[SourceDate "2006.11.22"]

1. b3 d5 2. Bb2 c5 3. e3 Nf6 4. Nf3 Nc6 5. Be2 Bg4 6. O-O e6 7. c4 Be7 8. cxd5
exd5 9. d4 O-O 10. dxc5 Bxc5 11. a3 Ne4 12. Nc3 Nxc3 13. Bxc3 Rc8 14. Bb2 Re8
15. b4 Bb6 16. Rc1 Bc7 17. Ba1 Qd6 18. Rxc6 bxc6 19. Qd4 Qg6 20. Nh4 Re4 21.
Nxg6 Rxd4 22. Bxd4 Bxe2 23. Ne7+ 1-0

[Event "Campeonato de España Abierto 2006"]
[Site "Leon ESP"]
[Date "2006.11.22"]
[Round "1.13"]
[White "Galard Agustin, Tomas E"]
[Black "Llaneza Vega, Marcos"]
[Result "0-1"]
[WhiteElo "1924"]
[BlackElo "2341"]
[PlyCount "80"]
[EventDate "2006.11.22"]
[EventType "swiss"]
[EventRounds "9"]
[EventCountry "ESP"]
[Source "lmi"]
[SourceDate "2006.11.22"]

1. Nf3 Nf6 2. c4 c5 3. Nc3 Nc6 4. g3 e5 5. d3 Be7 6. Bg2 O-O 7. O-O a6 8. Re1
Rb8 9. b3 Re8 10. Bb2 Bf8 11. e4 d6 12. h3 Bd7 13. Bc1 h6 14. Be3 Nd4 15. Nd2
b5 16. f4 Bc6 17. Rf1 Nd7 18. f5 Be7 19. h4 Qa5 20. Nd5 Bxd5 21. cxd5 Rec8 22.
Nf3 Nxf3+ 23. Qxf3 c4 24. dxc4 bxc4 25. bxc4 Rxc4 26. Rfc1 Rxc1+ 27. Rxc1 Qxa2
28. Rc7 Qa4 29. Qe2 Bf8 30. Ra7 Rb1+ 31. Kh2 Ra1 32. Qb2 Ra2 33. Qb1 Nf6 34.
Kh3 Qc2 35. Qh1 a5 36. Bb6 a4 37. Bd8 Qf2 38. Bxf6 Qxa7 39. Bd8 a3 40. f6 Qd7+
0-1

[Event "Campeonato de España Abierto 2006"]
[Site "Leon ESP"]
[Date "2006.11.22"]
[Round "1.14"]
[White "Fernandez Aguado, Enrique"]
[Black "Garcia Prieto, Pablo"]
[Result "1/2-1/2"]
[WhiteElo "2384"]
[BlackElo "1876"]
[PlyCount "72"]
[EventDate "2006.11.22"]
[EventType "swiss"]
[EventRounds "9"]
[EventCountry "ESP"]
[Source "lmi"]
[SourceDate "2006.11.22"]

1. e4 c5 2. Nf3 d6 3. d4 cxd4 4. Nxd4 Nf6 5. Nc3 g6 6. g3 Bg7 7. Bg2 Nc6 8.
Nde2 O-O 9. O-O Bg4 10. h3 Bd7 11. b3 a6 12. a4 Qc7 13. Bg5 Nb4 14. Qd2 Bc6 15.
Rad1 Rfd8 16. Nd5 Nbxd5 17. exd5 Bd7 18. a5 Bf5 19. Nd4 Be4 20. Bxf6 Bxg2 21.
Bxe7 Bxf1 22. Bxd8 Rxd8 23. Rxf1 Bxd4 24. Qxd4 Qxc2 25. Qf6 Re8 26. Qxd6 Qxb3
27. Qd7 Re5 28. d6 Qd3 29. Rc1 Rd5 30. Rc7 Qf3 31. Rc1 Qd3 32. Qxb7 Rxd6 33.
Rc8+ Kg7 34. Qb2+ Kh6 35. Qe5 Qd1+ 36. Kh2 Qf3 1/2-1/2

[Event "Campeonato de España Abierto 2006"]
[Site "Leon ESP"]
[Date "2006.11.22"]
[Round "1.15"]
[White "Coll Ortega, Jordi"]
[Black "Recuero Guerra, David"]
[Result "0-1"]
[WhiteElo "1946"]
[BlackElo "2321"]
[PlyCount "88"]
[EventDate "2006.11.22"]
[EventType "swiss"]
[EventRounds "9"]
[EventCountry "ESP"]
[Source "lmi"]
[SourceDate "2006.11.22"]

1. c4 e5 2. g3 Nc6 3. Bg2 f5 4. Nc3 Nf6 5. d3 Bb4 6. Bd2 Bc5 7. Nf3 e4 8. Nh4
O-O 9. O-O exd3 10. exd3 d6 11. Nd5 Bd4 12. Rb1 Be6 13. Bg5 h6 14. Bxf6 Bxf6
15. Ng6 Re8 16. Ngf4 Bd4 17. Nxe6 Rxe6 18. Nf4 Rf6 19. Bd5+ Kh7 20. Ne6 Rxe6
21. Bxe6 Qf6 22. Bd5 Ne5 23. Bxb7 Rf8 24. Kg2 f4 25. Be4+ g6 26. f3 c6 27. b4
Rd8 28. Qb3 Qf7 29. gxf4 Qxf4 30. b5 c5 31. b6 axb6 32. Qxb6 Nf7 33. a4 Be5 34.
Rf2 Qxh2+ 35. Kf1 Qh3+ 36. Rg2 Qh1+ 37. Rg1 Qh3+ 38. Rg2 Bd4 39. f4 Re8 40. Qc6
Qh1+ 41. Ke2 Qxg2+ 42. Kd1 Qf1+ 43. Kd2 Qf2+ 44. Kd1 Be3 0-1

[Event "Campeonato de España Abierto 2006"]
[Site "Leon ESP"]
[Date "2006.11.22"]
[Round "1.19"]
[White "Rodriguez Yagüe, Fermin"]
[Black "Pena Gomez, Manuel"]
[Result "0-1"]
[WhiteElo "1883"]
[BlackElo "2318"]
[PlyCount "68"]
[EventDate "2006.11.22"]
[EventType "swiss"]
[EventRounds "9"]
[EventCountry "ESP"]
[Source "lmi"]
[SourceDate "2006.11.22"]

1. e4 c5 2. Nf3 d6 3. d4 cxd4 4. Nxd4 Nf6 5. Nc3 a6 6. f4 e5 7. Nf3 Nbd7 8. Bc4
Be7 9. a4 O-O 10. O-O exf4 11. Bxf4 Qb6+ 12. Kh1 Qxb2 13. Qd2 Qb4 14. Bd3 Qc5
15. Be3 Qc7 16. a5 Nc5 17. h3 Be6 18. Ng5 Rac8 19. Nxe6 fxe6 20. Bxc5 Qxc5 21.
Na4 Qd4 22. Qf2 Qe5 23. Qe1 Nh5 24. Rxf8+ Rxf8 25. Qc3 Qxc3 26. Nxc3 Bf6 27.
Ra3 Ng3+ 28. Kg1 Bd4+ 29. Kh2 Nf1+ 30. Bxf1 Rxf1 31. Ne2 Be5+ 32. Ng3 Re1 33.
Rb3 Rxe4 34. Rxb7 Re3 0-1

[Event "Campeonato de España Abierto 2006"]
[Site "Leon ESP"]
[Date "2006.11.22"]
[Round "1.23"]
[White "Fernandez Lopez, Marcos"]
[Black "Garcia Garcia, Ruben"]
[Result "0-1"]
[WhiteElo "2089"]
[BlackElo "2329"]
[PlyCount "48"]
[EventDate "2006.11.22"]
[EventType "swiss"]
[EventRounds "9"]
[EventCountry "ESP"]
[Source "lmi"]
[SourceDate "2006.11.22"]

1. d4 Nf6 2. Nf3 g6 3. e3 Bg7 4. c4 O-O 5. Nc3 d6 6. Be2 a5 7. O-O Nbd7 8. Nd2
e5 9. d5 Nc5 10. f3 Bh6 11. Nb3 Nxb3 12. Qxb3 Nd7 13. e4 Bxc1 14. Raxc1 Nc5 15.
Qc2 Qg5 16. Rf2 f5 17. Rcf1 Bd7 18. Qc1 Qh4 19. g3 Qe7 20. Qd2 Rf7 21. Bd3 f4
22. g4 Qh4 23. Rg2 h5 24. h3 hxg4 0-1

[Event "Campeonato de España Abierto 2006"]
[Site "Leon ESP"]
[Date "2006.11.22"]
[Round "1.24"]
[White "Gonzalez Valero, Julio"]
[Black "Acero Solis, Alberto"]
[Result "1-0"]
[WhiteElo "2279"]
[BlackElo "2073"]
[PlyCount "53"]
[EventDate "2006.11.22"]
[EventType "swiss"]
[EventRounds "9"]
[EventCountry "ESP"]
[Source "lmi"]
[SourceDate "2006.11.22"]

1. g3 f5 2. Bg2 Nf6 3. d3 e6 4. e4 fxe4 5. dxe4 Nc6 6. c4 Bc5 7. Nc3 O-O 8. f4
d6 9. Na4 Bxg1 10. Rxg1 Bd7 11. Nc3 Qe7 12. Be3 Rad8 13. Qe2 d5 14. e5 d4 15.
exf6 gxf6 16. Bd2 dxc3 17. Bxc3 Be8 18. Bxc6 Bxc6 19. g4 Rf7 20. g5 Qc5 21. Rg3
Kf8 22. gxf6 Rd4 23. Bxd4 Qxd4 24. Qxe6 Bd7 25. Qe5 Qxc4 26. Rd1 b6 27. Rg7 1-0

[Event "Campeonato de España Abierto 2006"]
[Site "Leon ESP"]
[Date "2006.11.22"]
[Round "1.25"]
[White "Martinez Rodriguez, Eugenio"]
[Black "Gonzalez Galvan, Juan Manuel"]
[Result "0-1"]
[WhiteElo "2051"]
[BlackElo "2245"]
[PlyCount "34"]
[EventDate "2006.11.22"]
[EventType "swiss"]
[EventRounds "9"]
[EventCountry "ESP"]
[Source "lmi"]
[SourceDate "2006.11.22"]

1. e4 c5 2. Nf3 Nc6 3. d4 cxd4 4. Nxd4 Nf6 5. Nc3 e5 6. Ndb5 d6 7. Bg5 a6 8.
Na3 b5 9. Bxf6 gxf6 10. Nd5 Bg7 11. Qd2 f5 12. exf5 Bxf5 13. O-O-O Nd4 14. Bd3
Be6 15. Be4 f5 16. Nc7+ Qxc7 17. Bxa8 Bxa2 0-1

[Event "Campeonato de España Abierto 2006"]
[Site "Leon ESP"]
[Date "2006.11.22"]
[Round "1.26"]
[White "Tattersall Rodriguez, Lester"]
[Black "Fernandez Amez, Jesus"]
[Result "1-0"]
[WhiteElo "2293"]
[BlackElo "1951"]
[PlyCount "57"]
[EventDate "2006.11.22"]
[EventType "swiss"]
[EventRounds "9"]
[EventCountry "ESP"]
[Source "lmi"]
[SourceDate "2006.11.22"]

1. e4 c6 2. d4 d5 3. exd5 cxd5 4. c4 Nf6 5. Nc3 Bf5 6. Qb3 Nc6 7. cxd5 Na5 8.
Qa4+ Bd7 9. Qd1 b6 10. Nf3 a6 11. Ne5 b5 12. Bd3 b4 13. Ne4 g6 14. Ng5 Qb6 15.
Be3 Bb5 16. Ngxf7 Rg8 17. O-O Nxd5 18. Qf3 e6 19. Nd6+ Qxd6 20. Bxb5+ axb5 21.
Qf7+ Kd8 22. Bg5+ Kc8 23. Rac1+ Kb8 24. Qxg8 Ra7 25. Bh6 Nf6 26. Qxf8+ Qxf8 27.
Bxf8 b3 28. axb3 Nxb3 29. Nc6+ 1-0

[Event "Campeonato de España Abierto 2006"]
[Site "Leon ESP"]
[Date "2006.11.22"]
[Round "1.27"]
[White "Gil Garcia, Robert"]
[Black "Casares Cabanas, Carlos"]
[Result "0-1"]
[WhiteElo "1922"]
[BlackElo "2193"]
[PlyCount "68"]
[EventDate "2006.11.22"]
[EventType "swiss"]
[EventRounds "9"]
[EventCountry "ESP"]
[Source "lmi"]
[SourceDate "2006.11.22"]

1. Nf3 Nf6 2. d4 g6 3. c4 Bg7 4. Nc3 d6 5. e4 O-O 6. Be2 e5 7. dxe5 dxe5 8.
Qxd8 Rxd8 9. Bg5 Re8 10. Bxf6 Bxf6 11. Nd5 Bd8 12. O-O Na6 13. Rac1 Nc5 14. Nc3
c6 15. b4 Ne6 16. c5 Nd4 17. Bc4 Nxf3+ 18. gxf3 Bg5 19. Rcd1 Bh3 20. Rfe1 Red8
21. Rxd8+ Rxd8 22. Rd1 Rd2 23. Bb3 Kf8 24. b5 Rxd1+ 25. Bxd1 Bd2 26. bxc6 bxc6
27. Na4 Bb4 28. Bb3 Ke7 29. Bc4 f6 30. f4 exf4 31. f3 Bd2 32. Kf2 Be3+ 33. Ke2
Bg1 34. Kd2 Bxh2 0-1

[Event "Campeonato de España Abierto 2006"]
[Site "Leon ESP"]
[Date "2006.11.22"]
[Round "1.28"]
[White "Garcia Moral Garcia, Jose Daniel"]
[Black "Perez Ruiz, Santiago"]
[Result "1-0"]
[WhiteElo "2232"]
[BlackElo "1894"]
[PlyCount "85"]
[EventDate "2006.11.22"]
[EventType "swiss"]
[EventRounds "9"]
[EventCountry "ESP"]
[Source "lmi"]
[SourceDate "2006.11.22"]

1. e4 c5 2. Nf3 Nc6 3. d4 cxd4 4. Nxd4 Nf6 5. Nc3 a6 6. Nxc6 dxc6 7. Qxd8+ Kxd8
8. Bc4 e6 9. Bg5 Be7 10. O-O-O+ Ke8 11. f3 b5 12. Be2 Bb7 13. a4 h6 14. Be3 b4
15. Nb1 a5 16. Nd2 Ba6 17. Bxa6 Rxa6 18. Nc4 c5 19. Rd3 g5 20. h3 Kf8 21. b3
Kg7 22. Rhd1 Raa8 23. Bf2 h5 24. Bg3 Rhd8 25. Bc7 Rxd3 26. Rxd3 h4 27. Bxa5 Nh5
28. Rd7 Kf8 29. Bb6 Nf4 30. Rd2 f5 31. exf5 exf5 32. Bc7 Ne6 33. Be5 g4 34. f4
Nd8 35. Ne3 Nc6 36. Rd5 gxh3 37. gxh3 Nxe5 38. Rxe5 Kf7 39. Rxf5+ Ke6 40. Re5+
Kf7 41. Nc4 Bf6 42. Rxc5 Bc3 43. Kd1 1-0

[Event "Campeonato de España Abierto 2006"]
[Site "Leon ESP"]
[Date "2006.11.22"]
[Round "1.30"]
[White "Cubas Pons, Juan Miguel"]
[Black "Llamazares Lopez, Carlos"]
[Result "1-0"]
[WhiteElo "2281"]
[BlackElo "1883"]
[PlyCount "59"]
[EventDate "2006.11.22"]
[EventType "swiss"]
[EventRounds "9"]
[EventCountry "ESP"]
[Source "lmi"]
[SourceDate "2006.11.22"]

1. d4 Nf6 2. Nf3 d5 3. c4 dxc4 4. e3 g6 5. Bxc4 Bg7 6. O-O O-O 7. Nc3 c5 8. d5
Bf5 9. Nd2 a6 10. e4 b5 11. exf5 bxc4 12. fxg6 Nxd5 13. Qh5 Nf6 14. gxf7+ Rxf7
15. Qxc5 Nbd7 16. Qxc4 Rc8 17. Qe6 Nc5 18. Qe2 Nd3 19. Nf3 e5 20. Bg5 Qd6 21.
Rad1 Rxc3 22. bxc3 e4 23. Bxf6 exf3 24. Qxf3 Ne5 25. Bxe5 Qxe5 26. Rd8+ Bf8 27.
Qg3+ Qg7 28. a4 Re7 29. Rxf8+ Kxf8 30. Qb8+ 1-0

[Event "Campeonato de España Abierto 2006"]
[Site "Leon ESP"]
[Date "2006.11.22"]
[Round "1.31"]
[White "Caballero Rodriguez, Jesus"]
[Black "Trujillo Delgado, Dafnae"]
[Result "0-1"]
[WhiteElo "1875"]
[BlackElo "2174"]
[PlyCount "70"]
[EventDate "2006.11.22"]
[EventType "swiss"]
[EventRounds "9"]
[EventCountry "ESP"]
[Source "lmi"]
[SourceDate "2006.11.22"]

1. e4 c5 2. Bc4 e6 3. Nc3 Nc6 4. Nf3 a6 5. a4 Nf6 6. d4 cxd4 7. Nxd4 Qc7 8. Bg5
Be7 9. O-O Nxd4 10. Qxd4 Ng4 11. e5 Qxe5 12. Qxe5 Nxe5 13. Bxe7 Nxc4 14. Ba3
Nxa3 15. Rxa3 O-O 16. Ne4 d5 17. Ng5 f6 18. Nf3 Bd7 19. Rc1 Rac8 20. h3 Rc4 21.
Rb3 Rb8 22. Ra3 Rxa4 23. Rxa4 Bxa4 24. b3 Bd7 25. c4 dxc4 26. Rxc4 Rc8 27. Rd4
Rc7 28. Rd6 Kf7 29. Nd4 Ke7 30. Rb6 e5 31. Nf3 Rc1+ 32. Kh2 Bc6 33. Nd2 Rc2 34.
Nf3 Rxf2 35. Kg3 Rb2 0-1

[Event "Campeonato de España Abierto 2006"]
[Site "Leon ESP"]
[Date "2006.11.22"]
[Round "1.32"]
[White "Fernandez De Pablo, Miguel A"]
[Black "Pastrana Alvarez, Santiago"]
[Result "1-0"]
[WhiteElo "2205"]
[BlackElo "1875"]
[PlyCount "45"]
[EventDate "2006.11.22"]
[EventType "swiss"]
[EventRounds "9"]
[EventCountry "ESP"]
[Source "lmi"]
[SourceDate "2006.11.22"]

1. e4 e5 2. Nf3 Nc6 3. c3 Nf6 4. d4 Be7 5. d5 Nb8 6. Nxe5 Nxe4 7. Qg4 d6 8.
Bb5+ c6 9. Qxg7 Rf8 10. dxc6 bxc6 11. Nxc6 Qb6 12. Nxe7+ Qxb5 13. Nxc8 Nc6 14.
Bh6 Ne5 15. Nxd6+ Nxd6 16. Qxf8+ Kd7 17. Qxa8 Nd3+ 18. Kd2 Nc4+ 19. Kc2 Qxb2+
20. Kxd3 Ne5+ 21. Ke4 Qe2+ 22. Be3 Ng6 23. Rd1+ 1-0

[Event "Campeonato de España Abierto 2006"]
[Site "Leon ESP"]
[Date "2006.11.22"]
[Round "1.33"]
[White "Aretxabaleta Saez, Julian"]
[Black "Vega Gutierrez, Belinda"]
[Result "0-1"]
[WhiteElo "1872"]
[BlackElo "2151"]
[PlyCount "98"]
[EventDate "2006.11.22"]
[EventType "swiss"]
[EventRounds "9"]
[EventCountry "ESP"]
[Source "lmi"]
[SourceDate "2006.11.22"]

1. b4 e5 2. Bb2 f6 3. b5 d5 4. e3 Be6 5. d3 Nd7 6. Nd2 Bd6 7. Ngf3 Ne7 8. Be2
O-O 9. O-O c6 10. a4 Qb6 11. c4 cxb5 12. axb5 a6 13. Qb3 Nc5 14. Qc2 axb5 15.
cxd5 Nxd5 16. d4 Nd7 17. dxe5 Nxe5 18. Nxe5 Bxe5 19. Bxe5 fxe5 20. Qb2 Rxa1 21.
Rxa1 Nxe3 22. Qxe5 Nc4 23. Nxc4 bxc4 24. Bf3 Rc8 25. Bxb7 Qxb7 26. Qxe6+ Kh8
27. Rc1 c3 28. h3 h6 29. Kh2 c2 30. g3 Qc7 31. Qe4 Qc3 32. Qf5 Qc4 33. Kg2 Kg8
34. h4 Rc5 35. Qd7 Qe4+ 36. Kh2 Kh7 37. Qd2 Rc7 38. f4 Rc6 39. Kg1 Qc4 40. Kf2
Qc5+ 41. Qe3 Qd5 42. Qf3 Qd2+ 43. Qe2 Qxc1 44. Qe4+ Rg6 45. h5 Qd2+ 46. Kf3
Qd1+ 47. Kg2 Qxh5 48. Qxc2 Qd5+ 49. Kh2 Qf3 0-1

[Event "Campeonato de España Abierto 2006"]
[Site "Leon ESP"]
[Date "2006.11.22"]
[Round "1.34"]
[White "Bayon Fernandez, Rogelio"]
[Black "Garcia Panizo, Amilcar"]
[Result "1-0"]
[WhiteElo "2175"]
[BlackElo "1859"]
[PlyCount "83"]
[EventDate "2006.11.22"]
[EventType "swiss"]
[EventRounds "9"]
[EventCountry "ESP"]
[Source "lmi"]
[SourceDate "2006.11.22"]

1. d4 Nf6 2. Nf3 g6 3. c4 Bg7 4. g3 O-O 5. Bg2 d6 6. O-O Re8 7. Nc3 Nbd7 8. e4
e5 9. h3 c6 10. Be3 Qc7 11. Qc2 b6 12. Rfd1 Bb7 13. Rac1 Rac8 14. b4 Qb8 15.
Qb3 c5 16. dxe5 dxe5 17. b5 Rcd8 18. Ne1 Nf8 19. Nd5 Ne6 20. a4 Nd4 21. Qb2 Bc8
22. a5 Nxd5 23. cxd5 Bd7 24. Bf1 Qd6 25. axb6 axb6 26. Ra1 Ra8 27. Rdb1 f5 28.
f3 fxe4 29. fxe4 Rxa1 30. Rxa1 Rf8 31. Ra7 h5 32. Bxd4 exd4 33. Qg2 Qb8 34.
Rxd7 Bh6 35. d6 Be3+ 36. Kh1 Rf2 37. Bc4+ Kh8 38. Qg1 Qf8 39. Ng2 Qf3 40. Rb7
Rxg2 41. Qxg2 Qd1+ 42. Qf1 1-0

[Event "Campeonato de España Abierto 2006"]
[Site "Leon ESP"]
[Date "2006.11.22"]
[Round "1.35"]
[White "Soto Iglesias, David"]
[Black "Varela Mourin, Jesus"]
[Result "0-1"]
[WhiteElo "1850"]
[BlackElo "2169"]
[PlyCount "60"]
[EventDate "2006.11.22"]
[EventType "swiss"]
[EventRounds "9"]
[EventCountry "ESP"]
[Source "lmi"]
[SourceDate "2006.11.22"]

1. e4 c5 2. Nf3 e6 3. d4 cxd4 4. Nxd4 Nc6 5. Nc3 Qc7 6. a3 a6 7. Be3 Nf6 8. Be2
b5 9. Qd2 Bb7 10. f3 b4 11. axb4 Bxb4 12. O-O O-O 13. Rfd1 Ne5 14. Bf4 d6 15.
Kh1 Rfd8 16. Bg5 Ng6 17. Bxf6 gxf6 18. Ncb5 Qc5 19. c3 axb5 20. cxb4 Qb6 21.
Nxb5 d5 22. Rxa8 Rxa8 23. exd5 Bxd5 24. Qd4 Qxd4 25. Nxd4 Nf4 26. Bb5 Rb8 27.
g3 Rxb5 28. Nxb5 Bxf3+ 29. Kg1 Nh3+ 30. Kf1 Bxd1 0-1

[Event "Campeonato de España Abierto 2006"]
[Site "Leon ESP"]
[Date "2006.11.22"]
[Round "1.36"]
[White "Perez Aleman, Pedro Tomas"]
[Black "Gonzalez Trigal, Jose Luis"]
[Result "1/2-1/2"]
[WhiteElo "2180"]
[BlackElo "1824"]
[PlyCount "37"]
[EventDate "2006.11.22"]
[EventType "swiss"]
[EventRounds "9"]
[EventCountry "ESP"]
[Source "lmi"]
[SourceDate "2006.11.22"]

1. Nf3 Nf6 2. c4 e6 3. Nc3 d5 4. d4 c6 5. Bg5 Nbd7 6. e3 Be7 7. Rc1 h6 8. Bh4
O-O 9. Bd3 dxc4 10. Bxc4 Nd5 11. Bxe7 Qxe7 12. O-O N5b6 13. Bb3 e5 14. Qd3 Rd8
15. Rfd1 Nc5 16. dxc5 Rxd3 17. Rxd3 e4 18. Nxe4 Bf5 19. cxb6 1/2-1/2

[Event "Campeonato de España Abierto 2006"]
[Site "Leon ESP"]
[Date "2006.11.22"]
[Round "1.37"]
[White "Lopez Tascon, Miguel Angel"]
[Black "Sabater Sanchez, Asensio"]
[Result "1/2-1/2"]
[WhiteElo "1817"]
[BlackElo "2163"]
[PlyCount "61"]
[EventDate "2006.11.22"]
[EventType "swiss"]
[EventRounds "9"]
[EventCountry "ESP"]
[Source "lmi"]
[SourceDate "2006.11.22"]

1. d4 d5 2. c4 Nc6 3. Nc3 dxc4 4. d5 Na5 5. Bf4 a6 6. Qa4+ c6 7. dxc6 b5 8. c7
Qd4 9. Rd1 bxa4 10. Rxd4 Bd7 11. Nd5 e6 12. Nb6 Bc5 13. Rxd7 Bxb6 14. Rd1 Nf6
15. Nf3 Nd5 16. Bd2 Rc8 17. e3 Rxc7 18. Be2 O-O 19. O-O a3 20. bxa3 c3 21. Bc1
Nc4 22. Bd3 Ba5 23. Bc2 Nb2 24. Rd4 Bb6 25. Rh4 Bc5 26. Bxh7+ Kh8 27. Bc2+ Kg8
28. Bh7+ Kh8 29. Bg6+ Kg8 30. Bh7+ Kh8 31. Bc2+ 1/2-1/2

[Event "Campeonato de España Abierto 2006"]
[Site "Leon ESP"]
[Date "2006.11.22"]
[Round "1.38"]
[White "Liñan Baena, Jeronimo"]
[Black "Lopez Filio, Antonio"]
[Result "1-0"]
[WhiteElo "2159"]
[BlackElo "1760"]
[PlyCount "65"]
[EventDate "2006.11.22"]
[EventType "swiss"]
[EventRounds "9"]
[EventCountry "ESP"]
[Source "lmi"]
[SourceDate "2006.11.22"]

1. d4 g6 2. e4 d6 3. Nc3 Bg7 4. Be3 Nf6 5. f3 O-O 6. Qd2 e5 7. dxe5 dxe5 8.
O-O-O Qxd2+ 9. Rxd2 c6 10. Bc4 Nbd7 11. g4 Nb6 12. Bb3 Re8 13. Rd6 Nfd7 14. h4
Bf8 15. Rd2 Nc5 16. h5 Nxb3+ 17. axb3 f6 18. hxg6 hxg6 19. Rdh2 Bg7 20. Bh6
Bxh6+ 21. Rxh6 Kf7 22. Rh7+ Ke6 23. Rg7 g5 24. Rhh7 Nd7 25. Rh6 b6 26. Rxg5 Ba6
27. Rg7 Rh8 28. Rhh7 Rxh7 29. Rxh7 Rg8 30. Nge2 Bxe2 31. Nxe2 a5 32. Ng3 b5 33.
Nf5 1-0